病房有貓耶 (Record no. 7498)

MARC details
000 -記錄標示(系統產生)
fixed length control field 00229nam a22001097a 4500
020 ## - ISBN
ISBN 978-986-88115-1-5
100 ## - 主要款目
第一作者姓名 潘叡儀
245 ## - 書籍基本資料
書名 病房有貓耶
作者名稱 潘叡儀
250 ## - 書籍版本資料
書籍版本 初版
260 ## - 書籍出版資料
出版年 2023.03
942 ## - 其他項目(KOHA)
分類法來源 中文圖書分類法
館藏類型設定 一般圖書
Holdings
撤銷狀態 遺失狀態 分類號來源 損壞狀態 不外借 永久館藏地 現在館藏地 書架位置 採購日期 所有借閱數 Total Renewals 完整索書號 條碼號 最後一次日期記錄 最後借出日期 一般價格有效日期 Koha館藏類型 公開資訊
未註銷館藏 未遺失 中文圖書分類法 未損毀 可外借 怡仁綜合醫院圖書館 怡仁綜合醫院圖書館   2023-07-12 10 1 863.599 C03013 2025-05-14 2025-05-13 2023-07-12 一般圖書 疫情期間,淡水馬偕紀念醫院放射腫瘤科31病房旁的祕密花園,先後來了兩隻流浪貓;被醫護名為「31」和「33」撫慰了奔忙於搶救病患的醫護心靈,也使31病房的病人能暫忘病痛。
怡仁醫院| 地址:32643桃園市楊梅區楊新北路321巷30號 | 服務專線:03-4855566 | 電子郵件信箱:
Copyright © 1996 CHC Hospital